| 000 | 00458nam a2200181Ia 4500 | ||
|---|---|---|---|
| 001 | 14213 | ||
| 005 | 20260306164858.0 | ||
| 008 | 260306t2016||||xx |||||||||||||| ||spa|| | ||
| 041 | _aESP | ||
| 082 |
_a510.0711 _bR93-1 |
||
| 100 |
_aRuiz Jiménez, Maria José _eAUT |
||
| 245 | 0 | _aMatemáticas aplicadas a las ciencias sociales II | |
| 260 | _c2016 | ||
| 300 |
_a375 páginas : _c27 cm. |
||
| 650 | _aGEN | ||
| 654 | _aCMA | ||
| 942 |
_cLIB _dJUS _fJUS _2ddc _n |
||
| 999 |
_c14213 _d14213 |
||